| 000 | 00743cam a2200289ua 4500 | ||
|---|---|---|---|
| 020 |
_a0 87692 543 3 _c175.00 |
||
| 041 |
_aeng _h |
||
| 082 |
_a005.133 _bRAJ/CO |
||
| 100 | _aRajaraman, V . | ||
| 245 |
_aComputer programming in FORTRAN 77 / _cV Rajaraman. _hTextual Documents |
||
| 250 |
_a3 / _b. |
||
| 260 |
_aNew Delhi : _bPrentice Hall of India Pvt Ltd. , _c1988. |
||
| 300 | _a182 ; . | ||
| 365 | _a175.00 | ||
| 500 | _a17894,17895, 18179, 18180 CSS | ||
| 504 | _a | ||
| 942 | _cBK | ||
| 999 |
_c9512 _d9512 |
||